| 000 | 01145cam a22002773a 4500 | ||
|---|---|---|---|
| 001 | 15263 | ||
| 003 | PGUSA | ||
| 005 | 20140828083327.0 | ||
| 008 | 050305s2005||||xxu|||||s|||||000 | eng d | ||
| 040 |
_aPGUSA _beng |
||
| 042 | _adc | ||
| 050 | 4 | _aE300 | |
| 100 | 1 |
_aStill, William, _d1821-1902 |
|
| 245 | 1 | 4 |
_aThe Underground Railroad : _bA Record of Facts, Authentic Narratives, Letters, &c., Narrating the Hardships, Hair-Breadth Escapes and Death Struggles of the Slaves in Their Efforts for Freedom, As Related by Themselves and Others, or Witnessed by the Author. _h[electronic resource] / _cWilliam Still |
| 260 |
_bProject Gutenberg, _c2005 |
||
| 506 | _aPublic domain in the USA. | ||
| 516 | _aElectronic text | ||
| 653 | _aUnderground Railroad | ||
| 653 | _aFugitive slaves -- United States -- History -- 19th century | ||
| 653 | _aFugitive slaves -- United States -- Biography | ||
| 653 | _aAntislavery movements -- United States -- History -- 19th century | ||
| 653 | _aAbolitionists -- United States -- Biography | ||
| 830 | 0 |
_aProject Gutenberg _v15263 |
|
| 856 | 4 | 0 | _uhttp://www.gutenberg.org/ebooks/15263 |
| 942 | _cEB | ||
| 999 |
_c244518 _d244518 |
||